000
00336nam a22001457a 4500
008
210526b ||||| |||| 00| 0 eng d
020
_a
2800011090780
041
_a
eng
080
_2
2nd
_a
070
082
_a
070
100
_a
39
101
_a
MED
245
_a
Communication Sciences and Disorders
_c
Ronald B Gillam
942
_2
udc
_c
BK
999
_c
57652
_d
57652